| 000 | 00000nam 2200000za 4500 |
| 001 | 9.816924 |
| 003 | CaOODSP |
| 005 | 20221107142346 |
| 007 | cr ||||||||||| |
| 008 | 160505s2008 onc |o f|0| 0 fre d |
| 040 | |aCaOODSP|bfre |
| 043 | |an-cn--- |
| 086 | 1 |aSD12-1/2008F-PDF |
| 245 | 00|aRégime de pensions du Canada |h[ressource électronique] : |bpension de retraite. |
| 260 | |a[Ottawa] : |bService Canada, |c2008. |
| 300 | |a34 p. |
| 500 | |aPublié aussi en anglais sous le titre : Canada pension plan : retirement pension. |
| 500 | |a« mars 2008 ». |
| 500 | |aLe n° de catalogue (SD12-1/1-2008F) imprimé dans cette publication est incorrect. |
| 692 | 07|2gccst|aPension |
| 710 | 1 |aCanada. |bService Canada. |
| 775 | 08|tCanada pension plan |w(CaOODSP)9.816923 |
| 856 | 40|qPDF|s1.03 Mo|uhttps://publications.gc.ca/collections/collection_2016/servcan/SD12-1-2008-fra.pdf |
| 986 | |aISPB 147-03-08F |